Ізоморфні та аломорфні особливості мовного етикету в контексті англомовної та німецької мови на основі любовного листування (Запис № 284151)

МАРК-запис
000 -LEADER
fixed length control field 01945nam a22001577a 4500
041 ## - LANGUAGE CODE
Language code of text/sound track or separate title ukr
080 ## - UNIVERSAL DECIMAL CLASSIFICATION NUMBER
Universal Decimal Classification number 09
090 ## - LOCALLY ASSIGNED LC-TYPE CALL NUMBER (OCLC); LOCAL CALL NUMBER (OCLC)
Local cutter number (OCLC) ; Book number/undivided call number, CALL (RLIN) СТЕ
100 ## - MAIN ENTRY--PERSONAL NAME
Personal name Стецюк І.В.
245 ## - TITLE STATEMENT
Title Ізоморфні та аломорфні особливості мовного етикету в контексті англомовної та німецької мови на основі любовного листування
260 ## - PUBLICATION, DISTRIBUTION, ETC. (IMPRINT)
Place of publication, distribution, etc Острог
Name of publisher, distributor, etc КАФ
Date of publication, distribution, etc 2009
300 ## - PHYSICAL DESCRIPTION
Extent 45
520 ## - SUMMARY, ETC.
Summary, etc ВСТУП<br/>РОЗДІЛ 1 МОВЛЕННЄВИЙ АСПЕКТ У КУЛЬТУРНОМУ АСПЕКТІ НАЦІЇ<br/>1.1 Соціолінгвістичне та стилістичне середовище функціонування мовного етикету.<br/>1.2 Загальні особливості спеціальних етикетних мовних формул у інтернаціональній комунікації.<br/>РОЗДІЛ 2 АЛОМОРФІЯ ТА ІЗОМОРФІЯ У МІЖКУЛЬТУРНІЙ КОМУНІКАЦІЇ НА ОСНОВІ ПОРІВНЯЛЬНОЇ ХАРАКТЕРИСТИКИ АНГЛІЙСЬКОГО ТА НІМЕЦЬКОГО ЕТИКЕТУ<br/>2.1 Особливості комунікативно-прагматичних типів мовленнєвих актів в англійській мові.<br/>2.2 Специфіка німецького мовного етикету у контрасті з англійським.<br/>2.3 Ізоморфія в зіставленні англійського та німецького етикету.<br/>РОЗДІЛ 3 ПОРІВНЯЛЬНА ХАРАКТЕРИСТИКА МОВНИХ ЕТИКЕТІВ В КОНТЕКСТІ АНГЛІЙСЬКОЇ ТА НІМЕЦЬКОЇ МОВ НА ПРИКЛАДІ ЛЮБОВНОГО ЛИСТУВАННЯ<br/>ВИСНОВКИ
-- мовленнєвий етикет, аломорфія, ізоморфія
650 ## - SUBJECT ADDED ENTRY--TOPICAL TERM
Topical term or geographic name as entry element Research Papers
942 ## - ADDED ENTRY ELEMENTS (KOHA)
Koha item type Книги
Фонди
Withdrawn status Lost status Source of classification or shelving scheme Damaged status Not for loan Home library Current library Date acquired Source of acquisition Cost, normal purchase price Total Checkouts Full call number Barcode Date last seen Price effective from Koha item type
    Universal Decimal Classification     ВІЛ - Відділ іноземн. літератури НБ ВІЛ - Відділ іноземн. літератури НБ 16/04/2009 Акт №1 1.00   09 213421 15/12/2021 16/04/2009 Книги